000
00288 a2200109 4500
001
68499
040
_c
Anchieta - Itaigara
240
1
0
_a
Como as coisas funcionam
_l
245
1
0
_a
Como as coisas funcionam
650
4
_a
Enciclopédias gerais (almanaques,anuários enciclopédicos
942
_c
MU
999
_c
68499
_d
68499